000
00354nam a2200157Ia 4500
005
20250425161353.0
008
250425s9999 xx 000 0 und d
041
_a
spa
082
_a
620.1
245
0
_a
MECANICA VECTORIAL PARA INGENENIEROS
250
_a
S.E.
260
_a
S.L.
260
_a
Sin Pais
_b
LIMU
_c
1964
942
_c
01
010
_a
18765
999
_c
207865
_d
207865